000 01589nam a22001337a 4500
999 _c530172
_d530172
008 250529b ||||| |||| 00| 0 eng d
100 _a Baekgaard, Martin Halling, Aske and Moynihan, Donald
_953910
245 _aBurden tolerance: Developing a validated measurement instrument across seven countries
260 _aPublic Administration Review
300 _a85(2), Mar, 2025: p.519-546
520 _aThe emergence of the administrative burden literature has generated new theoretical, conceptual, and empirical knowledge. However, the accumulation of comparable knowledge is limited by the lack of validated measurement of core concepts. This article validates a four-item scale of burden tolerance, that is, people's acceptance of state actions that impose administrative burdens on citizens and residents interacting with government, using data from seven countries and 12 surveys. We illustrate the usefulness of the scale by examining its correlates. Burden tolerance varies substantially across the countries examined, but is generally higher for males, young adults, less well educated, those with good health, those who trust state actors more, and ideological conservatives. We demonstrate how the scale can be adapted to specific policy areas and that our generic scale correlates highly with the tolerance for burdens in such diverse domains as income supports, health insurance, passport renewals, and small business licensing.- Reproduced https://onlinelibrary.wiley.com/doi/abs/10.1111/puar.13835
773 _aPublic Administration Review
942 _cAR